Transition report 2007 : people in transition

Gespeichert in:
Bibliographische Detailangaben
Körperschaft: European Bank for Reconstruction and Development (EBRD) (London) (UrheberIn)
Format: Buch
Sprache:Englisch
Veröffentlicht: London : European Bank for Reconstruction and Development, 2007
Ausgabe:[1st ed.]
Schlagworte:
ISBN:9781898802297
ISSN:1356-3424
Online-Zugang: Volltext
Tags: Tag hinzufügen
Keine Tags, Fügen Sie den ersten Tag hinzu!

MARC

LEADER 00000aam a2200000 4500
003 SK-BrCVT
005 20220617224806.0
008 071205s2007 xxk e ||||||eng d
020 |a 9781898802297 
022 |a 1356-3424 
035 |a CVTIDW1431547 
040 |b slo  |a CVTI SR  |e AACR2 
041 0 |a eng 
044 |a xxk 
080 |a 33  |2 UDC-MRF 
080 |a 336  |2 UDC-MRF 
080 |a 331  |2 UDC-MRF 
110 1 |a European Bank for Reconstruction and Development (EBRD) (London)  |4 org 
242 1 0 |a Správa o prechodnom období za r. 2007  |b ľudia v prechodnom období  |y slo 
245 1 0 |a Transition report 2007 :  |b people in transition 
250 |a [1st ed.] 
260 |a London :  |b European Bank for Reconstruction and Development,  |c 2007 
300 |a VII, 216 s. :  |b fotogr., grafy, tab. ; 
653 1 |a finančný sektor  |a liberalizácia  |a privatizácia  |a makroekonomika  |a investície  |a životné prostredie  |a trh práce  |a hrubý domáci produkt 
910 |a BA002  |b B000021  |b A603806 
919 |a 978-1-898802-29-7 
974 |f Knihy 
992 |a APH 
999 |c 158410  |d 158410